000 01572cam a22004337a 4500
001 4162
003 FISKH
005 20250827145537.0
008 120109s2011 nyua j 000 1 eng d
010 _a 2011287511
020 _a9781442428607 (hc)
020 _a1442428600 (hc)
020 _a9781442428591 (pbk.)
020 _a1442428597 (pbk.)
020 _a9781448783151 (Paw Prints bdg.)
020 _a1448783151 (Paw Prints bdg.)
020 _a9780606232951 (lib. bdg.)
020 _a0606232958 (lib. bdg.)
040 _aBTCTA
_beng
_cBTCTA
_dILC
_dWL8
_dKSA
_dB2A
_dON8
_dJP3
_dVP@
_dILC
_dSINLB
_dLF3
_dBDX
_dDLC
050 _aPZ7.H267447
082 _a428.6
100 1 _aHarvey, Alex
_c(Children's story adapter)
245 1 0 _aOlivia becomes a vet /
_cadapted by Alex Harvey ; illustrated by Jared Osterhold.
250 _a1st ed.
260 _aNew York :
_bSimon Spotlight,
_c2011.
300 _a24 unnumbered pages ;
_bcolor illustrations ;
_c23 cm
490 0 _aReady-to-read. Level one, Star reader!
505 _aJ
520 _aWhen Julian's pet lizard isn't feeling well and needs to visit the vet, Olivia takes her "way with animals" to the next level and imagines what it would be like to become a veterinarian.
521 8 _a490
_bLexile
521 8 _aJ
_bRaz-Plus
650 1 _aVeterinarians
_vFiction.
650 1 _aPigs
_vFiction.
700 _aOsterhold, Jared
_eIllustrator
730 0 _aOlivia (Television program)
906 _a7
_bcbc
_ccopycat
_d4
_encip
_f20
_gy-gencatlg
942 _2ddc
_cBK
_n0
999 _c4162
_d4162